00482nam a2200169 a 4500001001300000003000900013005001700022008004100039020002100080082001300101100002500114245006300139260004100202300000900243500003500252700002500287nice12345678IN_TiNIC20260116011259.0070921s2004 tira grp 000 0 eng  a8178210371 c000a291bSEL aSelvanayagam, Israel aRelating to People of Other FaithbInsights from the Bible aTiruvalla, Kerala bCSS Books c2004 a308p aincludes index and biblioraphy1 aSelvanayagam, Israel